Statistics for Guess the Taylor Swift's song with no hints #5

Click here to take the quiz!

General Stats

  • This quiz has been taken 20 times
  • The average score is 277 of 382

Answer Stats

HintAnswer% Correct
| Verse 1I
100%
me,
100%
me
100%
So,
100%
so
100%
BridgeThe
100%
the
100%
you,
100%
you
100%
You
100%
your
100%
you're
100%
a
95%
And
95%
and
95%
I'm
95%
it
95%
like
95%
love
95%
my
95%
on
95%
then
95%
to
95%
too
95%
When
95%
when
95%
but
89%
But
89%
for
89%
in
89%
way
89%
all
84%
be
84%
'Cause
84%
Don't
84%
ever
84%
had
84%
hear
84%
I'll
84%
I've
84%
Say
84%
say
84%
that
84%
"We
84%
can
79%
have
79%
is,
79%
is
79%
never
79%
time
79%
We're
79%
been
74%
can't
74%
could
74%
should
74%
think
74%
with
74%
from
68%
oh
68%
out
68%
up,
68%
got
63%
here
63%
night
63%
our
63%
wanna
63%
Baby,
58%
baby
58%
best
58%
every
58%
Outro | Pre-ChorusEvery
58%
smile
58%
smile,
58%
didn't
53%
gonna
53%
leave
53%
talk,
53%
together"
53%
wanted
53%
afraid
47%
afraid,
47%
"Come
47%
come
47%
everything
47%
fall
47%
fall,
47%
into
47%
jump,
47%
Jump,
47%
need
47%
Take
47%
things
47%
through
47%
face
42%
face,
42%
honey
42%
knees
42%
mad
42%
please,
42%
stay
42%
yeah
42%
breath
37%
bring
37%
catch
37%
closer"
37%
cry
37%
deep
37%
each
37%
falls
37%
feelin'
37%
feet
37%
hair
37%
heard
37%
hold
37%
shine
37%
shine,
37%
show
37%
under
37%
until
37%
watch
37%
well,
37%
without
37%
words,
37%
bottom's
32%
focus
32%
freckle
32%
keep
32%
laugh
32%
mornin'
32%
notice
32%
people
32%
phone
32%
realize
32%
sound
32%
warnin'
32%
wrapped
32%
drop
26%
I'ma
21%
keys
21%
ChorusWoah-oh,
21%
Verse 2Huh,
16%
oh-over
16%

Score Distribution

Percentile by Number Answered

Percent of People with Each Score

Your Score History

You have not taken this quiz